Zero Option

Salvato in:
Dettagli Bibliografici
Autore principale: Thompson, E.P
Natura: Libro
Lingua:inglese
Pubblicazione: London Merlin Press 1982
Edizione:1. ed.
Tags: Aggiungi Tag
Nessun Tag, puoi essere il primo ad aggiungerne!!

MARC

LEADER 00000nam a2200000 4500
001 c034706
005 20250506111011.6
041 0 |a eng 
044 |a GB 
245 1 0 |a Zero Option  |c E.P. Thompson 
250 |a 1. ed. 
264 1 |a London  |b Merlin Press  |c 1982 
300 |a 198 s. 
100 1 |a Thompson, E.P.